Random Countries On An Upside Down World Map - Statistics

General Stats
  • This quiz has been taken 177 times
    33 since last reset
  • The average score is 26 of 30
Answers on the Map
Answers color-coded by a green-red scale on the quiz's map according to % correct below.
 
Answer Stats
Country % Correct
Afghanistan
100%
Angola
100%
Argentina
100%
Armenia
100%
Austria
100%
Azerbaijan
100%
Bahamas
100%
Belarus
100%
Belize
100%
Benin
100%
Bhutan
100%
Bolivia
100%
Botswana
100%
Brazil
100%
Bulgaria
100%
Burkina Faso
100%
Burundi
100%
Cameroon
100%
Canada
100%
Central African Republic
100%
Chile
100%
China
100%
Colombia
100%
Comoros
100%
Costa Rica
100%
Cyprus
100%
Czech Republic
100%
Djibouti
100%
Dominican Republic
100%
East Timor
100%
Egypt
100%
El Salvador
100%
Eritrea
100%
Estonia
100%
Eswatini
100%
Ethiopia
100%
Federated States of Micronesia
100%
Fiji
100%
Finland
100%
France
100%
Georgia
100%
Germany
100%
Ghana
100%
Guatemala
100%
Guinea-Bissau
100%
Haiti
100%
Honduras
100%
Iceland
100%
India
100%
Indonesia
100%
Iran
100%
Iraq
100%
Ireland
100%
Italy
100%
Jamaica
100%
Japan
100%
Jordan
100%
Kazakhstan
100%
Kenya
100%
Kosovo
100%
Kuwait
100%
Kyrgyzstan
100%
Laos
100%
Libya
100%
Luxembourg
100%
Madagascar
100%
Malawi
100%
Malaysia
100%
Malta
100%
Marshall Islands
100%
Mauritania
100%
Mauritius
100%
Mexico
100%
Mongolia
100%
Morocco
100%
Mozambique
100%
Myanmar
100%
Nauru
100%
Nepal
100%
New Zealand
100%
Nicaragua
100%
Niger
100%
Nigeria
100%
North Korea
100%
North Macedonia
100%
Norway
100%
Pakistan
100%
Panama
100%
Papua New Guinea
100%
Paraguay
100%
Peru
100%
Poland
100%
Portugal
100%
Romania
100%
Russia
100%
Samoa
100%
Saudi Arabia
100%
Senegal
100%
Serbia
100%
Seychelles
100%
Sierra Leone
100%
Slovakia
100%
Slovenia
100%
Solomon Islands
100%
South Africa
100%
South Korea
100%
Sri Lanka
100%
Syria
100%
Tajikistan
100%
Tanzania
100%
Thailand
100%
Togo
100%
Tonga
100%
Tunisia
100%
Turkey
100%
Turkmenistan
100%
Uganda
100%
Ukraine
100%
United Kingdom
100%
United States
100%
Uruguay
100%
Uzbekistan
100%
Vanuatu
100%
Vietnam
100%
Zimbabwe
100%
Guinea
90%
Cuba
89%
Namibia
89%
Bosnia and Herzegovina
88%
Croatia
88%
Guyana
88%
Somalia
88%
Montenegro
86%
Zambia
86%
Denmark
83%
Equatorial Guinea
83%
Gabon
83%
Hungary
83%
Lebanon
83%
Liberia
83%
Mali
83%
Spain
83%
Bangladesh
80%
Belgium
80%
Cape Verde
80%
Chad
80%
Democratic Republic of the Congo
80%
Kiribati
80%
Maldives
80%
Moldova
80%
Palau
80%
Rwanda
80%
Sweden
80%
Switzerland
80%
Tuvalu
80%
Latvia
78%
Qatar
78%
Australia
75%
Cambodia
75%
Lesotho
75%
Lithuania
75%
Netherlands
75%
Yemen
75%
Ivory Coast
71%
Albania
67%
Ecuador
67%
Israel
67%
Oman
67%
Republic of the Congo
67%
South Sudan
67%
Suriname
67%
Trinidad and Tobago
67%
United Arab Emirates
67%
Saint Vincent and the Grenadines
57%
Gambia
50%
Greece
50%
Monaco
50%
São Tomé and Príncipe
50%
Sudan
50%
Taiwan
50%
Venezuela
50%
Andorra
38%
Bahrain
33%
Barbados
33%
Vatican City
33%
Saint Kitts and Nevis
25%
Brunei
20%
Liechtenstein
20%
Singapore
20%
Algeria
0%
Antigua and Barbuda
0%
Dominica
0%
Grenada
0%
Philippines
0%
Saint Lucia
0%
San Marino
0%
No matching quizzes found
Score Distribution
Percent of People with Each Score
Percentile by Number Answered
Your Score History
You have not taken this quiz since the last reset